000 00651cam a22002293a 4500
001 23170
003 PGUSA
005 20140828083507.0
008 071024s2007||||xxu|||||s|||||000 | eng d
040 _aPGUSA
_beng
042 _adc
050 4 _aPS
100 1 _aLudlow, Fitz Hugh,
_d1836-1870
245 1 2 _aA Brace Of Boys :
_b1867, From "Little Brother"
_h[electronic resource] /
_cFitz Hugh Ludlow
260 _bProject Gutenberg,
_c2007
506 _aPublic domain in the USA.
516 _aElectronic text
653 _aShort stories
830 0 _aProject Gutenberg
_v23170
856 4 0 _uhttp://www.gutenberg.org/ebooks/23170
942 _cEB
999 _c252425
_d252425